000 00951nam a2200241Ia 4500
003 OSt
005 20210712152917.0
008 210310t1996 eu ad gr 000 0 eng d
020 _a0821336762
040 _aCO-JMCR
_cCO-JMCR
041 0 _aeng
_aspa
_afre
082 0 4 _a332.6327 /
_bW927i
_223
110 2 _aThe World Bank
_99685
245 1 0 _aInvestment funds in emercing markets /
_cThe World Bank
260 _aWashington :
_bInternational finance corporation,
_c©1996
300 _a38 páginas :
_bilustraciones y gráficas a blanco y negro ;
_c28 cm.
490 0 _aIFC lessons of experience series;
_v3
505 0 _aExecutive summary -- Investment funds: an explosion of activity -- IFC´s experience base -- IFC´s Role in Promoting Funds -- Assessing the Impact
546 _aTexto en inglés, español y francés.
650 1 4 _aFondos de inversión
_916182
_zEstados Unidos
650 1 4 _aDesempeño financiero
_938412
942 _2ddc
_cBK
999 _c8046
_d8046